000 00607nam a22002297a 4500
003 UA-OsUOA
001 94756
007 ta
008 20130218b un ||||| |||| 00| 0 ukr d
100 _aДиккенс Ч.
090 _a821.111
_bД45
942 _cBK
040 _aUA-OsUOA
_brus
_cUA-OsUOA
_dUA-OsUOA
245 _aБольшые надежды
300 _a496 с.
955 _a3
041 _arus
080 _a821.111
260 _aЛенинград
_bХуд. литература
_c1970
650 7 _a82 Література. Літературознавство
_2UDC
999 _c380996
_d380996